Les chansons de Lacrim - Mort subite - Statistiques

Statistiques générales
  • Ce quiz a été pris 178 fois
  • Le résultat moyen est 7 sur 10
Answers on the Grid
Answers color-coded by a green-red scale on the quiz's grid according to % correct below.
Joie de filles
No lo sé
Noche
Traîtres
Miami
Penelope Cruz
Barbade
A.W.A
Gustavo Gaviria
J'ai mal
Ocho
La Cime
Crime
En Bien
Los Angeles
Night
Signaler
Pepe Cruz
A.V.A
A.L.A
 
Statistiques - réponses
Réponse % Correct
No lo sé
83%
A.W.A
81%
Gustavo Gaviria
81%
Barbade
73%
Noche
68%
Joie de filles
63%
Penelope Cruz
61%
Miami
60%
Traîtres
60%
J'ai mal
56%
Aucun quiz correspondant
Distribution des résultats
% des personnes avec chaque résultat
Percentile par nombre de réponses
Votre historique - résultats
Vous n’avez pas pris ce quiz